My friend NS 230: (Record no. 194180)

MARC details
000 -LEADER
fixed length control field 00574nam a22002057a 4500
005 - DATE AND TIME OF LATEST TRANSACTION
control field 20221209113509.0
010 ## - LCCN (DPL NO)
LC control number ENG-135797
020 ## - INTERNATIONAL STANDARD BOOK NUMBER
International Standard Book Number 9789390961238
Terms of availability 250.00
035 ## - SYSTEM CONTROL NUMBER
System control number EN-119329
037 ## - SOURCE OF ACQUISITION
Source of stock number/acquisition DBAD/PUB
082 ## - DEWEY DECIMAL CLASSIFICATION NUMBER
Classification number S
100 ## - MAIN ENTRY--PERSONAL NAME
Personal name Khare, Nyasa
245 ## - TITLE STATEMENT
Title My friend NS 230:
Remainder of title And Other Stories/
Statement of responsibility, etc Nyasa Khare and ed by Alisha Verma
260 ## - PUBLICATION, DISTRIBUTION, ETC. (IMPRINT)
Place of publication, distribution, etc New Delhi
Name of publisher, distributor, etc Vitasta
Date of publication, distribution, etc 2023
270 ## - ADDRESS
Address 2/15,Ansari Road,Daryaganj
City New Delhi
Postal code 110002
300 ## - PHYSICAL DESCRIPTION
Extent xv,73p.
Dimensions 20cm(pbk)
500 ## - GENERAL NOTE
General note Includes index
700 ## - ADDED ENTRY--PERSONAL NAME
Personal name Verma, Alisha
942 ## - ADDED ENTRY ELEMENTS (KOHA)
Source of classification or shelving scheme Dewey Decimal Classification
Item type English Books
Classification part S
Call number suffix KHA
Holdings
Withdrawn status Lost status Not for loan Collection code Home library Current library Date acquired Source of acquisition Cost, normal purchase price Full call number Barcode Copy number Cost, replacement price Koha item type
      Fiction D.B.Act.Division Mobile Library 09/12/2022 DBAD/PUB 250.00 S KHA EN-119329 1 250.00 English Books

© Delhi Public Library
Hit Counter
free hit counter